Statistics for SI base & derived units

Click here to take the quiz!

General Stats

  • This quiz has been taken 15 times
  • The average score is 13 of 14

Answer Stats

Physical quantityUnit% Correct
Electric currentampere, A
100%
Electric chargecoulomb, C
100%
Temperaturekelvin, K
100%
Lengthmeter, m
100%
Forcenewton, N
100%
Timesecond, s
100%
Electric potentialvolt, V
100%
Powerwatt, W
100%
Masskilogram, kg
92%
Frequencyhertz, hz
85%
Electric resistanceohm, Ω
85%
Energyjoule, J
77%
Amount of substancemole, mol
77%
Luminous intensitycandela, cd
62%

Score Distribution

Percentile by Number Answered

Percent of People with Each Score

Your Score History

You have not taken this quiz